Emoción ante una generosidad
Descripción Física:
Il·lustracions
Colección:
San Jorge,
; núm. 16 (octubre 1954), pàg 6-7
Otros Autores:
Compte, Josep, 1910-1987
Materias:
Gironella i Llovet, Anna, -- 1882-1967 -- Medalles
; Mundet Carbó, Artur, -- 1878-1965
; Benefactors -- Barcelona (Província)
Idioma:
Español
MARC
| LEADER | 00000naa a2200000 a 4500 | ||
|---|---|---|---|
| 003 | Arxiu | ||
| 005 | 20260324181052.0 | ||
| 008 | 160829s1954 spcaxx s spa c | ||
| 040 | |a AGDB | ||
| 245 | 0 | 0 | |a Emoción ante una generosidad |
| 300 | |b Il·lustracions | ||
| 490 | |a San Jorge, |v núm. 16 (octubre 1954), pàg 6-7 | ||
| 590 | |a Fotografies de José Compte | ||
| 600 | 1 | 0 | |a Gironella i Llovet, Anna, |d 1882-1967 |x Medalles |9 54214 |
| 600 | 1 | 0 | |a Mundet Carbó, Artur, |d 1878-1965 |9 55067 |
| 650 | 0 | |a Benefactors |9 46463 |z Barcelona (Província) | |
| 700 | 1 | |9 54923 |a Compte, Josep, |d 1910-1987 |e fotografies | |
| 773 | |g Núm. 16 (octubre 1954), pàg 6-7 |t San Jorge. | ||
| 901 | |a Arxiu | ||
| 942 | |n 1 |2 udc |c ART | ||
| 952 | |0 0 |1 0 |4 0 |6 REV509 |7 1 |9 65018 |a Arxiu |b Arxiu |d 2023-01-11 |l 0 |o Rev-509 |r 2023-01-11 00:00:00 |w 2023-01-11 |y ARXIU |z També disponible a Rev-523 | ||
| 999 | |c 57089 |d 57089 | ||